000 00651nam a22002177a 4500
003 OSt
005 20140310182929.0
008 130131t xxu||||| |||| 00| 0 eng d
020 _a789710388967
050 _aPL6054
_b.M357 2010
082 _aFIL 499.211
_bM357 2010
245 _aKomunikasyon sa akademikong Filipino
_cMarquez, Servillano T; Garcia, Florante C.
_bFilipino 1 para sa antas terseryo
260 _aMandaluyong City
_b Books Atbp. Publishing
_cc2010
300 _a253 p.
_c23 cm.
521 _acollege students
526 _c1210L-1700L
541 _j1
541 _j2
562 _e2
942 _2lcc
_cBK
_kFIL
999 _c17502
_d17502